000 00694nam a22002057a 4500
003 OSt
005 20250828071608.0
008 250828b |||||||| |||| 00| 0 eng d
020 _a0-7619-9848-9
040 _cOC
082 _aCirc. 351.4 G646 2004
245 _aGood governance, democratic societies and globalisation
260 _aLondon :
_bSage Publications,
_cc2004
300 _a424 pages :
_c 23 cm.
504 _aIncludes bibliographical references and index
650 _2Europe- Economic policy
650 _2Europe- Politics & government
650 _2Public administration-Europe
942 _2ddc
_cBK-CIRC
_hCirc. 351.4 G646 2004
_kCirc.
_n0
999 _c4315
_d4315